00339nam a2200109 a 4500008004100000050001300041100002300054245009800077260002800175300001700203350000900220120416s1960 ||||||||||||||||| || u aB 41 Urm aUrmson, James Opie14aThe concise encyclopaedia of Western philosophy and philosopherscedited by James Opie Urmson aLondonbHutchisonc1960 a431p. : ill. a0.00